000 00792nam a2200169 a 4500
008 070425s2006 ||||||||||||||||| || u
050 _aTHESIS/STUDENT
100 _aMwando, Sam M
245 1 0 _aLand ownership for Women under customery land tenure in Zambia
_cthesis by Sam M. Mwando
260 _aKitwe
_bCopperbelt University, School of Built Environment, Department of Real Estates
_c2006
300 _aix;68p.; ill.
350 _a0.00
500 _athesis submitted in partial fulfilment for the award of the Bachelor of Science degree in Land Economy
650 _aLAND OWNERSHIP--PROPERTY
650 _aLAND DISCRIMINATION--WOMEN
995 _D0.00
_FCBU-MAIN LIBRARY (Kitwe)
_H1
_I0.00
_M1
_UAVAILABLE
_WApr 25, 2007
_ZUniversity Collection
999 _c48798
_d48798